000 00521nam a2200217Ia 4500
003 OSt
005 20220924133248.0
006 a|||||r|||| 00| 0
007 ta
008 220923b |||||||| |||| 00| 0 per d
024 _a262649
037 _cTextual
040 _aARTS
_cARTS
_bper
041 _2per
_aper
082 _aO164,1:g, N4
100 _aIshaque
_9205988
245 0 _aModern Persian poetry
260 _c1994
942 _hO164,1:g, N4
_cTEXL
_2CC
999 _c433153
_d433153